| 000 | 00669nam a2200181Ia 4500 | ||
|---|---|---|---|
| 008 | 151202s9999||||xx |||||||||||||| ||und|| | ||
| 082 | _bPNVM-75816 | ||
| 100 | _aखासगीवाले वामन. | ||
| 245 | _aबसने नर्मदा परिक्रमा. | ||
| 260 | _bवामन गणेश खासगीवाले. | ||
| 260 | _c75816 | ||
| 300 | _a127 | ||
| 600 | _aखासगीवाले वामन. | ||
| 630 | _aबसने नर्मदा परिक्रमा. | ||
| 700 | _aखासगीवाले वामन. | ||
| 730 | _aबसने नर्मदा परिक्रमा. | ||
| 942 | _cBOOK | ||
| 999 |
_c1342475 _d1342472 |
||